| 000 | 01866nam0a2200457 4500 | ||
|---|---|---|---|
| 001 | RU\NLR\bibl\1004871 | ||
| 005 | 20260408193537.0 | ||
| 010 |
_a5-89349-812-7 _91000 |
||
| 021 |
_aRU _b2006-61239 _93049 |
||
| 035 | _a(NLR Aleph) 000992541 | ||
| 090 |
_a527961 _c527961 |
||
| 100 | _a20061108d2006 k y0rusy50 ca | ||
| 101 | 0 | _arus | |
| 102 | _aRU | ||
| 105 | _ay ||||||||| | ||
| 200 | 1 |
_aРусские: коммуникативное поведение _fЮ.Е. Прохоров, И.А. Стернин |
|
| 205 | _a2-е изд., испр. и доп. | ||
| 210 |
_aМосква _cФлинта _cНаука _d2006 |
||
| 215 |
_a326 с. _d20 |
||
| 320 | _aБиблиогр.: с. 308-326 | ||
| 606 | 1 |
_aЯзык и культура _9990965 _3RU\NLR\auth\6656388 |
|
| 606 | 1 |
_aРусский язык _xРечевой этикет _92374076 _3RU\NLR\auth\661416880 |
|
| 606 | 1 |
_aКоммуникация речевая _xПсихолингвистические исследования _92268295 _3RU\NLR\auth\661359663 |
|
| 606 | 1 |
_aРусский язык _xПреподавание нерусским _92176781 _3RU\NLR\auth\661309220 |
|
| 606 |
_aПоведение (этногр.) _xРусские _3RU\NLR\auth\661334625 _92222820 |
||
| 686 | _aШ100.33 | ||
| 686 | _aШ141.12-72 | ||
| 686 | _aЮ935.132-46 | ||
| 686 | _aЮ935.108 | ||
| 686 | _aС550.67 | ||
| 686 | _aЧ426.132 | ||
| 686 | _aЧ486.132 | ||
| 700 | 1 |
_4070 _8rus _7ca _aПрохоров _bЮ. Е. _cд-р пед. наук, д-р филол. наук _f1948- _gЮрий Евгеньевич _3RU\NLR\AUTH\774774 _9114749 |
|
| 701 | 1 |
_aСтернин _bИ. А. _gИосиф Абрамович _4070 |
|
| 801 | 0 |
_aRU _bNLR _c20061108 _grcr |
|
| 801 | 1 |
_aRU _bNLR _c20061108 |
|
| 830 | _aпо кн. | ||
| 942 | _cBOOK | ||
| 980 | _aNB | ||